000 00456nmm a2200169Ia 4500
008 251105s9999||||xx |||||||||||||||||und||
020 _a9788496601413
041 _aspa
100 _aIbsen, Henrik
245 0 _aUn enemigo del pueblo
264 _a[Madrid, España] :
_bFunambulista,
_c2007
300 _a194 páginas
490 _aEscena rios
650 _aOther narratives
856 _uhttps://public.digitaliapublishing.com/a/20897
942 _cCF
999 _c90029
_d90029